Herby stolic terytoriów zależnych. - Statystyki

Ogólne statystyki
  • Ten quiz został rozwiązany 3 razy
  • Średni wynik to 2 z 11
Statystyki odpowiedzi
Obrazkowy Odpowiedź % Poprawnych
Saint-Pierre
100%
Kingston
33%
Numea
33%
Basse-Terre
0%
Fort-de-France
0%
Longyearbyen
0%
Mamoudzou
0%
Nuuk
0%
Saint-Denis
0%
San Juan
0%
Thorshavn
0%
Nie znaleziono quizów pasujących do podanych kryteriów
Rozkład punktacji
Procent ludzi z każdym wynikiem
Percentyl według liczby udzielonych odpowiedzi
Twoja historia wyników
Nie rozwiązałeś tego quizu